000 00554nam a2200193 a 4500
001 000172212
003 AM-YeHGA
005 20250617123437.0
008 990107s1968 ru ||||gr|||||||||0|rus|d
040 _aAM-YeHGA
041 0 _arus
100 1 _aКресин, В.З.
245 1 0 _aСверхпроводимость и сверхтекучесть /
_cВ.З. Кресин.
260 _aМосква :
_bПросвещение,
_c1968.
300 _a148 с. :
_bил.
650 1 4 _aЭлектричество
942 _2udc
_cBK
090 _c59890
999 _c58928
_d58928